| 000 -CABECERA |
| Longitud fija campo de control |
00887nam a22002777a 4500 |
| 003 - IDENTIFICADOR DEL NÚMERO DE CONTROL |
| Identificador del número de control |
OSt |
| 005 - FECHA Y HORA DE LA ÚLTIMA TRANSACCIÓN |
| Fecha y hora de la última transacción |
20191122091309.0 |
| 008 - CÓDIGOS DE INFORMACIÓN DE LONGITUD FIJA |
| Códigos de información de longitud fija |
151126s1978 sp ||||| |||| 00| 0 cat d |
| 020 ## - NÚMERO INTERNACIONAL NORMALIZADO PARA LIBROS |
| Número Internacional Normalizado para Libros (ISBN) |
8472226344 |
| 040 ## - FUENTE DE LA CATALOGACIÓN |
| Centro catalogador de origen |
CDMR |
| Lengua de catalogación |
cat |
| Centro transcriptor |
CDMR |
| 100 1# - PUNTO DE ACCESO PRINCIPAL-NOMBRE DE PERSONA |
| 9 (RLIN) |
28 |
| Nombre de persona |
Huertas, Josep Maria |
| Fechas asociadas al nombre |
1939-2007 |
| 245 10 - MENCIÓN DE TÍTULO |
| Título |
La presó: quatre morts, vuit mesos i vint dies |
| Resto del título |
: El cas Huertas Claveria |
| Mención de responsabilidad, etc. |
Agustí de Semir... [et al.] |
| 250 ## - MENCIÓN DE EDICIÓN |
| Mención de edición |
1a ed. |
| 260 ## - PUBLICACIÓN, DISTRIBUCIÓN, ETC. (PIE DE IMPRENTA) |
| Lugar de publicación, distribución, etc. |
Barcelona: |
| Nombre del editor, distribuidor, etc. |
Laia, |
| Fecha de publicación, distribución, etc. |
1978. |
| 300 ## - DESCRIPCIÓN FÍSICA |
| Extensión |
280 p. ; |
| Dimensiones |
20 cm |
| 490 1# - MENCIÓN DE SERIE |
| Mención de serie |
Les eines ; |
| Designación de volumen o secuencia |
36 |
| 504 ## - NOTA DE BIBLIOGRAFÍA, ETC |
| Nota de bibliografía, etc. |
Índex |
| 600 17 - PUNTO DE ACCESO ADICIONAL DE MATERIA - NOMBRE DE PERSONA |
| 9 (RLIN) |
28 |
| Nombre de persona |
Huertas, Josep Maria |
| Fechas asociadas al nombre |
1939-2007 |
| 650 04 - PUNTO DE ACCESO ADICIONAL DE MATERIA - TÉRMINO DE MATERIA |
| 9 (RLIN) |
3073 |
| Término de materia o nombre geográfico como elemento inicial |
Llibertat d'expressió |
| 650 04 - PUNTO DE ACCESO ADICIONAL DE MATERIA - TÉRMINO DE MATERIA |
| 9 (RLIN) |
3703 |
| Término de materia o nombre geográfico como elemento inicial |
Espanya |
| Subdivisión de materia general |
Història |
| Subdivisión cronológica |
1975-1982, Transició |
| 700 1# - PUNTO DE ACCESO ADICIONAL - NOMBRE DE PERSONA |
| 9 (RLIN) |
4601 |
| Nombre de persona |
Semir, Agustí de, |
| Fechas asociadas al nombre |
1918-2006 |
| 700 1# - PUNTO DE ACCESO ADICIONAL - NOMBRE DE PERSONA |
| 9 (RLIN) |
4602 |
| Nombre de persona |
Sales, Ferran |
| 700 1# - PUNTO DE ACCESO ADICIONAL - NOMBRE DE PERSONA |
| 9 (RLIN) |
1954 |
| Nombre de persona |
Roma, Humbert |
| 700 1# - PUNTO DE ACCESO ADICIONAL - NOMBRE DE PERSONA |
| 9 (RLIN) |
4603 |
| Nombre de persona |
Morell, Sussi |
| 942 ## - ENTRADA DE ELEMENTOS AGREGADOS (KOHA) |
| Fuente de clasificaión o esquema |
|
| Koha [por defecto] tipo de item |
Monografies |